000 00691nam a2200229 u 4500
001 000020248
003 DO-SdBNP
005 20150720111624.0
008 100802s2009 dr r 000 0 spa d
040 _aBPJMB
_bspa
_cBPJMB
092 _aRD863.44
_bD611m
100 1 _aDisla, Edwin
245 1 0 _aManolo /
_cEdwin Disla.
260 _aSanto Domingo :
_bSecretaría de Estado de Cultura,
_c2009.
300 _a613 p. ;
_c23 cm.
586 _aPremio Nacional de novela Manuel de Jesús Galván 2007
650 4 _aNOVELA DOMINICANA
650 4 _aLITERATURA DOMINICANA
942 _2ddc
_cBK
956 _aMMOLINA
_b10
_c20100802
_lBND02
_h1425
956 _aTMEREDITH
_b20
_c20140716
_lBND01
_h1143
999 _c7914
_d7914